Smart antenna engineering (Record no. 299560)
[ view plain ]
| 000 -LEADER | |
|---|---|
| fixed length control field | 00290 a2200121 4500 |
| 001 - CONTROL NUMBER | |
| control field | 64487 |
| 082 ## - DEWEY DECIMAL CLASSIFICATION NUMBER | |
| Classification number | 621.3824 ZOO |
| 090 ## - LOCALLY ASSIGNED LC-TYPE CALL NUMBER (OCLC); LOCAL CALL NUMBER (RLIN) | |
| -- | 38114 |
| -- | 38114 |
| 100 ## - MAIN ENTRY--PERSONAL NAME | |
| Personal name | Zoogh by A E |
| 245 ## - TITLE STATEMENT | |
| Title | Smart antenna engineering |
| Medium | English |
| 260 ## - PUBLICATION, DISTRIBUTION, ETC. | |
| Place of publication, distribution, etc. | Boston |
| Name of publisher, distributor, etc. | Artech house |
| Date of publication, distribution, etc. | 2006 |
| 300 ## - PHYSICAL DESCRIPTION | |
| Extent | xx, 729p. |
| 942 ## - ADDED ENTRY ELEMENTS (KOHA) | |
| Institution code [OBSOLETE] | NUST CAE |
| Call number prefix | 621.3824 ZOO |
| Withdrawn status | Lost status | Damaged status | Not for loan | Collection code | Permanent Location | Current Location | Date acquired | Total Checkouts | Full call number | Barcode | Date last seen | Price effective from | Koha item type |
|---|---|---|---|---|---|---|---|---|---|---|---|---|---|
| College of Aeronautical Engineering (CAE) | College of Aeronautical Engineering (CAE) | 04/03/2017 | 621.3824 ZOO | CAEN-4137 | 04/05/2017 | 04/05/2017 | Book |
